| 000 | 00802nam a2200229 a 4500 | ||
|---|---|---|---|
| 005 | 20240924064644.0 | ||
| 008 | 081109s2002 mx r 000 0 spa d | ||
| 035 | _aUPN01000165906 | ||
| 049 | _aUNE | ||
| 080 | _a372.3 (934) =20 "2002" MEA No.1. | ||
| 100 | 1 | _aMeade, Anne | |
| 245 | 1 | 0 |
_aEarly childhood education policy co-ordination under the auspices of the Department/Ministry of Education : _bA case study of New Zealand / _cAnne Meade; Valerie N. Podmore. |
| 260 |
_aParis : _bUNESCO, _c2002. |
||
| 300 | _a34 p. | ||
| 440 | 0 |
_aEarly childhood and family policy series ; _v1 SC-2002/WS/22 |
|
| 690 |
_aEducación preescolar _91517 |
||
| 690 | _aNiños de edad preescolar | ||
| 690 | _aNueva Zelandia | ||
| 700 | 1 | _aPodmore, Valerie N., coaut | |
| 905 | _aUNESCO | ||
| 999 |
_c138018 _d138018 |
||